000 00581nam a2200193Ia 4500
003 GCL
008 140319s9999 xx 000 0 ara d
040 _aGCL /
_cGCL
082 0 4 _a364.015
_bر ق
100 1 _aرزق سند ابراهيم ليلة
245 1 0 _aقراءات فى علم النفس الجنائى /
_cرزق سند ابراهيم ليلة
300 _a258 ص
490 _a
650 0 4 _aالعنف
650 0 4 _aجناح الاحداث
650 0 4 _aعلم النفس الجنائى
650 0 4 _aعلم النفس - العدوانين
942 _2ddc
_cBK
999 _c46006
_d46006